000
00343nam a2200133Ia 4500
008
151001s9999||||xx |||||||||||||| ||und||
100
_a
ए के मिश्रा
245
_a
प्राथमिक उपचार
250
_a
1
260
_b
अपराजिता
260
_c
2008
300
_a
24
365
_b
21
999
_c
990615
_d
990612